00701nam a22002297a 450000500170000001000130001702000190003003500130004903700160006204000120007808200150009010000240010524500910012924600060022026000490022627000430027530000200031850000630033865000280040165000220042970000200045120170124105922.0 aA-899796 c00a8121003741 aA-899796 bCen Lib/Ret aDPLbEN a387.7bRAO aRao, D. Panduranga  aIndian airlines :cby D. Panduranga Rao, G. Venkata Roa ba study of its performance / b  bInter India Publications c1991 aNew Delhi  bNew Delhi aD-17, raja garden e110015 a328p.c21cm(Hb) aIncludes annexures, bibliographical references and index  aTransportation Systems  aAirlines zIndia  aRao, G. Venkata